Sports Quiz

Random Sports or Football Quiz

Most matches together with Carles Puyol Quiz Stats

 Plays Quiz not verified by Sporcle

Score 0/25 Timer 04:00
3 Plays Today
Matches Name % Correct
549Xavi
97.9%
372Andrés Iniesta
97%
269Lionel Messi
96.8%
389Víctor Valdés
93.6%
159Gerard Piqué
91.2%
177Sergio Busquets
85.8%
174Ronaldinho
84.2%
177Samuel Eto'o
82.6%
159Dani Alves
74.1%
124Éric Abidal
72.5%
142Pedro
68.6%
182Rafael Márquez
56.1%
145Deco
55.8%
Matches Name % Correct
103Cesc Fàbregas
43.7%
143Patrick Kluivert
41.7%
128Giovanni van Bronckhorst
38.8%
108Ludovic Giuly
36.7%
113Luis Enrique
36.2%
161Philipp Cocu
34.9%
111Seydou Keita
34.9%
133Oleguer
32.9%
117Frank de Boer
32.4%
136Javier Saviola
27%
118Thiago Motta
17.7%
129Gabri
13.6%

You're not logged in!

Compare scores with friends on all Sporcle quizzes.
OR
Log In

Show Comments

Extras

Top Quizzes Today


Score Distribution

Your Account Isn't Verified!

In order to create a playlist on Sporcle, you need to verify the email address you used during registration. Go to your Sporcle Settings to finish the process.

Report this User

Report this user for behavior that violates our Community Guidelines.

Details: